| 000 | 00360nam a22001217a 4500 | ||
|---|---|---|---|
| 082 | _a297.27 | ||
| 100 | _aFarooqui, Muhammad Zubair | ||
| 245 |
_aIslam and Everybody Living / _cMuhammad Zubair Farooqui |
||
| 260 |
_aIslamabad : _bDawah Academy, _c2000. |
||
| 300 |
_a76 p. ; _c22cm. |
||
| 942 |
_2ddc _cBK |
||
| 999 |
_c541199 _d541199 |
||